Podpora práce s grafickými objektami v prostredí LaTeX : Diplomová práca /

Gespeichert in:
Bibliographische Detailangaben
1. Verfasser: Hrnko, Martin (Verfasst von)
Weitere Verfasser: Bieliková, Mária, 1966- (Betreuung Doktorarbeit)
Format: Manuskript Buch
Veröffentlicht: Bratislava : STU v Bratislave FEI, 1997
Schlagworte:
Tags: Tag hinzufügen
Keine Tags, Fügen Sie das erste Tag hinzu!

MARC

LEADER 00000ntm a22000003a 4500
001 stu9964
005 20160719164943.0
008 970704s1997----------------------------d
040 |a STU  |b slo 
041 0
100 1 |a Hrnko, Martin  |4 aut 
245 1 |a Podpora práce s grafickými objektami v prostredí LaTeX :  |b Diplomová práca /  |c [aut.] Hrnko,Martin; Škol. Bieliková,Mária 
260 |a Bratislava :  |b STU v Bratislave FEI,  |c 1997 
300 |c disketa 
650 7 |a informatika  |2 stusub 
700 1 |a Bieliková, Mária,  |d 1966-  |4 ths  |u E220  |U FEI Fakulta elektrotechniky a informatiky  |T FEI Katedra informatiky a výpočtovej techniky  |X 1871  |U E220  |Y 69  |7 A000001871 
996 |b EDIPL-5320  |c I*DIPL-5320  |l II680  |s A  |a 24  |w stu9964_0001